20 titres les plus écoutés de Korn - Statistiques

Statistiques générales
  • Ce quiz a été pris 5 fois
  • Le résultat moyen est 11 sur 20
Statistiques - réponses
Nb. d'écoutes Album % Correct
+ 247 000 000 Take a Look in the Mirror Y'all Want a Single
100%
+ 327 000 000 Korn Blind
80%
+ 436 000 000 Issues Falling Away From Me
80%
+ 782 000 000 Follow the Leader Freak On a Leash
80%
+ 376 000 000 Follow the Leader Got the Life
80%
+ 117 000 000 Take a Look in the Mirror Right Now
80%
+ 138 000 000 Life Is Peachy A.D.I.D.A.S.
60%
+ 551 000 000 See You on the Other Side Coming Undone
60%
+ 79 000 000 Issues Somebody Someone
60%
+ 113 000 000 Life Is Peachy Twist
60%
+ 267 000 000 See You on the Other Side Twisted Transistor
60%
+ 81 000 000 Follow the Leader All In the Family (feat. Fred Durst)
40%
+ 71 007 000 Take a Look in the Mirror Did My Time
40%
+ 70 000 000 Life Is Peachy Good God
40%
+ 187 000 000 Untouchables Here to Stay
40%
+ 103 000 000 Issues Make Me Bad
40%
+ 71 713 000 Korn Shoots and Ladders
40%
+ 208 000 000 Greatest Hits, Vol. 1 Word Up!
40%
+ 85 000 000 The Path of Totality Get Up! (feat. Skrillex)
20%
+ 128 000 000 The Path of Totality Narcissistic Cannibal (feat. Skrillex & Kill the Noise)
20%
Aucun quiz correspondant
Distribution des résultats
% des personnes avec chaque résultat
Percentile par nombre de réponses
Votre historique - résultats
Vous n’avez pas pris ce quiz